Central Library OPAC University of Rajshahi

Economic geography / (Record no. 51813)

MARC details
000 -LEADER
fixed length control field 00725nam a2200253I 4500
001 - CONTROL NUMBER
control field 51813
003 - CONTROL NUMBER IDENTIFIER
rucl marc code BD-RjUL
005 - DATE AND TIME OF LATEST TRANSACTION
control field 20211209075721.0
008 - FIXED-LENGTH DATA ELEMENTS--GENERAL INFORMATION
fixed length control field 160904s1988 a 1 eng
020 ## - INTERNATIONAL STANDARD BOOK NUMBER
International Standard Book Number 8120305191
035 ## - SYSTEM CONTROL NUMBER
System control number (BD-RjUL)51933
040 ## - CATALOGING SOURCE
Original cataloging agency DLC
Transcribing agency MIA
Modifying agency BD-RjUL
Language of cataloging eng
041 ## - LANGUAGE CODE
Language code of text/sound track or separate title eng
082 ## - DEWEY DECIMAL CLASSIFICATION NUMBER
Edition number 23
Author mark and year HAE 1988
Classification number 330.9
100 ## - MAIN ENTRY--PERSONAL NAME
Personal name Hartshorn, Truman A.
9 (RLIN) 154992
245 10 - TITLE STATEMENT
Title Economic geography /
Statement of responsibility, etc. Truman A Hartshorn; John W Alexander
250 ## - EDITION STATEMENT
Edition statement 3rd. ed.
260 ## - PUBLICATION, DISTRIBUTION, ETC. (IMPRINT)
Place of publication, distribution, etc. New Delhi :
Name of publisher, distributor, etc. Prentice hall of India,
Date of publication, distribution, etc. c1988
300 ## - PHYSICAL DESCRIPTION
Pagination xiii, 385 p. :
Illustrations ill. ;
Size 24 cm.
500 ## - GENERAL NOTE
General note Includes indexes.
650 #0 - SUBJECT ADDED ENTRY--TOPICAL TERM
Topical term or geographic name as entry element Economic geography.
9 (RLIN) 132148
700 ## - ADDED ENTRY--PERSONAL NAME
Personal name Alexander, John W.
942 ## - ADDED ENTRY ELEMENTS (KOHA)
Source of classification or shelving scheme Dewey Decimal Classification
Koha item type Books
Holdings
Lost status Source of classification or shelving scheme Damaged status Not for loan Collection code Permanent Location Current Location Shelving location Date acquired Source of acquisition Cost, normal purchase price Total Checkouts Full call number Date last seen Copy number Koha item type
  Dewey Decimal Classification     Non-fiction Central Library, University of Rajshahi Central Library, University of Rajshahi Electronic Books 18/10/2010 Paragon ent. 195.00   330.9 HAE 1988 04/09/2016 C-2 Books
  Dewey Decimal Classification   Not For Loan Non-fiction Central Library, University of Rajshahi Central Library, University of Rajshahi Reading Room 12/05/1997 Paragon ent. 234.00   330.9 HAE 1988 17/12/2016 C-1 Books